London Underground: Double Letters Quiz Stats

 Plays Quiz not verified by Sporcle

Also try: 3-Border Countries
Challenge
Share
Tweet
Embed
Score 0/90 Timer 15:00
0 Plays Today
Station % Correct
Tottenham Court Road
88.6%
Paddington
88.3%
Green Park
87.3%
Harrow-on-the-Hill
86.6%
Waterloo
85.9%
Baker Street
84.7%
Liverpool Street
84.7%
King's Cross St Pancras
84.4%
North Harrow
84.2%
Tottenham Hale
84.2%
Hammersmith
83.7%
Moorgate
83.7%
Tooting Bec
83.5%
Tooting Broadway
83.5%
Queensway
83.2%
Woodford
82.5%
South Harrow
82.2%
Epping
81.8%
Piccadilly Circus
81.8%
Queen's Park
81.8%
Farringdon
81.3%
Goodge Street
81.3%
Greenford
81.3%
Mill Hill East
81.3%
Warren Street
81.3%
Queensbury
81%
Wood Green
80.8%
Hillingdon
80.5%
Notting Hill Gate
80.5%
Cannon Street
80.3%
Station % Correct
Charing Cross
79.8%
Northwood
79.8%
West Harrow
79.6%
Clapham Common
79.3%
Great Portland Street
79.3%
Bond Street
78.8%
Ealing Common
78.8%
Northwood Hills
78.8%
Totteridge & Whetstone
78.8%
South Woodford
78.3%
Kennington
78.1%
Wood Lane
77.9%
Harrow & Wealdstone
77.6%
Holloway Road
77.6%
Moor Park
77.1%
Turnham Green
76.9%
Bethnal Green
76.6%
Dollis Hill
76.4%
Gunnersbury
76.4%
Swiss Cottage
76.4%
St John's Wood
75.9%
Hatton Cross
75.4%
Bounds Green
75.2%
Holland Park
75.2%
Stockwell
75.2%
Willesden Green
74.7%
Colliers Wood
74.2%
Grange Hill
74.2%
Woodside Park
74.2%
Canning Town
74%
Station % Correct
Golders Green
74%
Oakwood
74%
Parsons Green
73.7%
Tower Hill
73.7%
Brent Cross
73%
Willesden Junction
73%
Pinner
72.7%
Stamford Brook
72.7%
Old Street
72.6%
High Street Kensington
72.3%
Vauxhall
72%
Russell Square
71.8%
Aldgate East
71%
Roding Valley
71%
Chigwell
70.8%
Becontree
70.6%
Stepney Green
70.6%
Gants Hill
69.8%
North Greenwich
69.6%
Chorleywood
69.3%
St James's Park
69.3%
Sudbury Hill
68.9%
Snaresbrook
68.6%
Tufnell Park
67.4%
Mile End
65%
Buckhurst Hill
64.7%
Hounslow West
59.9%
Kensal Green
59.9%
Gloucester Road
55%
Latimer Road
53.8%

You're not logged in!

Compare scores with friends on all Sporcle quizzes.
Join for Free
OR
Log In

You Might Also Like...

Show Comments

Extras

Top Quizzes Today


Score Distribution

Your Account Isn't Verified!

In order to create a playlist on Sporcle, you need to verify the email address you used during registration. Go to your Sporcle Settings to finish the process.

Report this User

Report this user for behavior that violates our Community Guidelines.

Details: